000 00932nac a22002411u 4500
010 _a 2004050230
020 _a9780321440365
082 0 0 _a005.117
_bMAC
090 _c8162
_d8162
100 _aMaciaszek, Leszek.
245 1 0 _aRequirements analysis and system design /
_cLeszek A. Maciaszek.
250 _a3rd. ed.
260 _aHarlow, England ;
_aNew York :
_bPearson/Addison Wesley,
_c2005.
300 _axxxi, 464 p. :
_bill. ;
_c24 cm. +
_e1 CD-ROM (4 3/4 in.)
500 _aDistributer: Al-Ahram.
504 _aIncludes bibliographical references (p. [455]-460) and index.
511 _aCatalogued By: Mahitab.
650 0 _aSystem design.
650 0 _aUML (Computer science)
650 0 _aObject-oriented programming (Computer science)
942 _cBB
_k005.117MAC
999 _c8162
_d8162